| 000 | 01157nac a22003251i 4500 | ||
|---|---|---|---|
| 003 | EG-ScBUE | ||
| 005 | 20241109094006.0 | ||
| 008 | 241109t2006 nyua f d 001 0 eng d | ||
| 020 | _a9780764129209 | ||
| 020 | _a0764129201 | ||
| 040 |
_aEG-ScBUE _beng _erda _cEG-ScBUE _dEG-ScBUE |
||
| 082 | 0 | 4 |
_a515 _bDOW _222 |
| 100 | 1 |
_aDowning, Douglas. _eauthor. |
|
| 245 | 1 | 0 |
_aCalculus the easy way / _cDouglas Downing, Ph.D. Seattle Pacific University ; [illustrations by Susan Detrich] |
| 246 | 3 | 0 | _aCalculus |
| 250 | _aFourth edition. | ||
| 264 | 1 |
_aHauppauge, New York : _bBarron's Educational Series, _c[2006] |
|
| 264 | 4 | _cc2006 | |
| 300 |
_ax, 404 pages : _billustrations ; _c28 cm |
||
| 336 |
_2rdacontent _atext _btxt |
||
| 337 |
_aunmediated _2rdamedia _bn |
||
| 338 |
_avolume _bnc _2rdacarrier |
||
| 500 | _aIncludes index. | ||
| 500 | _aIncludes glossary. | ||
| 650 | 7 |
_aCalculus. _2BUEsh |
|
| 655 | _vReading book | ||
| 856 | 4 | 1 |
_3Table of contents only _uhttp://www.loc.gov/catdir/toc/fy0601/2005050025.html |
| 856 | 4 | 1 |
_3Publisher description _uhttp://www.loc.gov/catdir/enhancements/fy0625/2005050025-d.html |
| 942 |
_cBB _2ddc |
||
| 999 |
_c6584 _d6584 |
||